Manual del transporte urbano (Registro nro. 8009)
[ vista simple ]
| 000 -LEADER | |
|---|---|
| fixed length control field | 00834 a2200277 4500 |
| 001 - CONTROL NUMBER | |
| control field | 63168 |
| 005 - DATE AND TIME OF LATEST TRANSACTION | |
| control field | 20260407155927.0 |
| 008 - FIXED-LENGTH DATA ELEMENTS--GENERAL INFORMATION | |
| fixed length control field | 260407a1977 arg spa d |
| 003 - CONTROL NUMBER IDENTIFIER | |
| control field | AR-UNSa-BCEJYS |
| 040 ## - CATALOGING SOURCE | |
| Original cataloging agency | AR-UNSa-BCEJYS |
| Language of cataloging | spa |
| Transcribing agency | AR-UNSa-BCEJYS |
| 080 ## - UNIVERSAL DECIMAL CLASSIFICATION NUMBER | |
| Universal Decimal Classification number | 656.121 |
| Common auxiliary subdivision | Transporte público en las ciudades. Vehículos de alquiler |
| 041 ## - LANGUAGE CODE | |
| Language code of text/sound track or separate title | spa |
| 100 1# - MAIN ENTRY--PERSONAL NAME | |
| Personal name | Dickey, John W. |
| 245 10 - TITLE STATEMENT | |
| Title | Manual del transporte urbano |
| 264 #1 - PRODUCTION, PUBLICATION, DISTRIBUTION, MANUFACTURE, AND COPYRIGHT NOTICE | |
| Place of production, publication, distribution, manufacture | Madrid : |
| Name of producer, publisher, distributor, manufacturer | Instituto de Estudios de Administración Local |
| Date of production, publication, distribution, manufacture, or copyright notice | 1977 |
| 300 ## - PHYSICAL DESCRIPTION | |
| Extent | 674 p. |
| Dimensions | 24 cm. |
| 590 ## - LOCAL NOTE (RLIN) | |
| Local note | niveau_biblio:m niveau_hierar:0 |
| 700 1# - ADDED ENTRY--PERSONAL NAME | |
| Personal name | Stuart, Robert C. |
| 700 1# - ADDED ENTRY--PERSONAL NAME | |
| Personal name | Tellez Olmo, Santiago |
| 700 1# - ADDED ENTRY--PERSONAL NAME | |
| Personal name | Walker, Richard D. |
| 700 1# - ADDED ENTRY--PERSONAL NAME | |
| Personal name | Cunningham, Michael C. |
| 700 1# - ADDED ENTRY--PERSONAL NAME | |
| Personal name | Winslow, Alan G. |
| 700 1# - ADDED ENTRY--PERSONAL NAME | |
| Personal name | Diewald, Walter J. |
| 700 1# - ADDED ENTRY--PERSONAL NAME | |
| Personal name | Day Ding, G. |
| 942 ## - ADDED ENTRY ELEMENTS (KOHA) | |
| Koha item type | |
| Withdrawn status | Lost status | Damaged status | Not for loan | Home library | Current library | Shelving location | Date acquired | Total checkouts | Full call number | Barcode | Date last seen | Price effective from | Koha item type |
|---|---|---|---|---|---|---|---|---|---|---|---|---|---|
| Biblioteca Prof. Eusebio Cleto del Rey | Biblioteca Prof. Eusebio Cleto del Rey | 07/04/2026 | 656.121 D548 | L58429 | 07/04/2026 | 07/04/2026 | Libro |